000 00417nam a22001337a 4500
020 _qPB.
040 _cFIZZA ISHAQ
082 _a621.3916
_bHAL
100 _aHaley, Meyers Dennis.
_9134301
245 _aMike Meyers' A+ Guide: Essentials Lab Manual Exam 220-601 /
_cMeyers Dennis Haley.
260 _aNew York:
_bMcGraw-Hill Osborne Media ,
_c2007.
300 _a316 P. ;
_c8.4 x 0.66 x 10.9 inches,
942 _2ddc
_cBK
999 _c617275
_d617275